000 00427nam a2200157 4500
001 109140
003 ES-MaACL
005 20230906184801.0
007 t|
008 061121s1971 sp r ||||1| spa d
100 1 _aOiver Molina, Primitivo.
_986597
245 1 3 _aEl diario de Juan /
_cPrimitivo Oliver Molina.
260 _aMadrid :
_bStudium,
_c1971.
300 _a181 p. ;
_c19 cm.
852 _aES-MaACL
_jC-44882
_bR.79443
999 _c109140
_d109140